Die Antwort ist eine Farbe #1 - Statistiken

Allgemein
  • Dieses Quiz wurde 142 mal gespielt
  • Das Durchschnittsergebnis liegt bei 5 aus 10
Antwortstatistiken
Hint Antwort % Korrekt
Die Farbe ist ein Betrunkenheitszustand Blau
90%
Die Farbe ist eine Frucht mit 53,2 mg/ 100g Vitamin C Orange
90%
Die Farbe ist so ähnlich wie eine stachelige Blume Rosa
63%
Die Farbe ist der Fisch den Sushi Meister lieben Lachs
55%
Die Farbe ist das Produkt der Oxidation Rost
50%
Die Farbe ist eine Stadt in Frankreich Bordeaux
48%
Die Farbe ist eine Frucht und wird oft auf Safari Expeditionen getragen Kaki
45%
Die Farbe ist ein bedrohtes Lebewesen im Great Barrier Reef Koralle
44%
Die Farbe ist das eines der Haupt-Exportprodukte von Brasilien Kaffee
37%
Die Farbe ist ein Gemüse Olive
10%
Keine übereinstimmenden Quizze gefunden
Verteilung der Resultate
Anzahl Personen mit jedem Resultat
Perzentil nach korrekt beantworteten Fragen
Ihre Resultats-Entwicklung
Sie haben dieses Quiz noch nicht gespielt